| 000 | 00587nam a22001937a 4500 | ||
|---|---|---|---|
| 005 | 20180710120144.0 | ||
| 010 | _aENG-123422 | ||
| 020 |
_a9789387432536 _c350.00 |
||
| 035 | _aEN-106954 | ||
| 037 | _bDBAD/PUB. | ||
| 082 | _a535 | ||
| 100 | _aBahety, Sanjay K. | ||
| 245 | 0 | 0 |
_aOptics and modern physics for NEET / _bby Sanjay K .Bahety |
| 260 |
_aNew Delhi _bMcGraw Hill Education _c2018 |
||
| 270 |
_aP-24, Green Park Extn. _bNew Delhi _e110016 |
||
| 300 |
_axiii,various paging. _c26cm(pbk) _bill. |
||
| 500 | _aPhysics module-V | ||
| 942 |
_2ddc _cEN _mBAH _h535 |
||
| 999 |
_c153721 _d153721 |
||